| 000 | 00727nam a2200205Ia 4500 | ||
|---|---|---|---|
| 003 | OSt | ||
| 005 | 20240813125125.0 | ||
| 008 | 210210b1999 xxu||||| |||| 00| 0 eng d | ||
| 040 | _cAL | ||
| 041 | _aHindi | ||
| 082 | _aH891.4 PATB | ||
| 100 |
_aPARTHAK (Devraj). _dदेवराज पार्थक _9177004 |
||
| 245 |
_aBharatiy svadinata ki ardhshati srajan svarup aur parampara. _bभारतीय स्वाधीनता की अर्द्धशती सृजन-स्वरूप और परम्परा |
||
| 260 |
_aDilli _bVikram Prakashan _c1999 |
||
| 300 | _a264 | ||
| 650 |
_aBharatiy Parampara _9177005 |
||
| 690 |
_aHindi Prose _9177006 |
||
| 906 | _a054745 | ||
| 942 |
_2ddc _cBK |
||
| 999 |
_c102632 _d102632 |
||